Statistiques concernant Quiz sur le Liechtenstein

Cliquez ici pour prendre le quiz!

Statistiques générales

  • Ce quiz a été pris 3 812 fois
  • Le résultat moyen est 12 sur 16

Statistiques - réponses

QuestionRéponse% Correct
Pays frontaliersSuisse
97%
Pays frontaliersAutriche
96%
Chaîne de montagnes dans laquelle le Liechtenstein se situeAlpes
94%
Langue officielleAllemand
93%
Capitale et deuxième plus grande villeVaduz
92%
Ces personnes ne pouvaient pas voter au Liechtenstein jusqu'en 1984Femmes
88%
Comme à Monaco, le monarque du Liechtenstein porte ce titrePrince
83%
Le Liechtenstein est le deuxième pays le plus ___ du monde, derrière MonacoRiche
83%
Le Liechtenstein et l'Ouzbékistan sont les deux seuls pays du monde qui sont
doublement _____, ce qui signifie que leurs pays frontaliers sont aussi _____
Enclavés
80%
Celui-ci a un droit de ____ sur toutes les propositions de loiVéto
76%
Fleuve qui forme la frontière occidentale du paysRhin
69%
Devise monétaireFranc
68%
Le Liechtenstein a remporté 10 médailles olympiques (2 en or) dans ce sportSki
67%
Empire auquel le Liechtenstein appartenait jusqu'en 1805Saint Empire Romain
Germanique
40%
Monarque actuellement au pouvoir{Hans}-Adam II
18%
Commune la plus peupléeSchaan
17%

Distribution des résultats

Percentile par nombre de réponses

% des personnes avec chaque résultat

Votre développement - résultats

Vous n’avez pas pris ce quiz